Tablice rejestracyjne Warszawy - nagła śmierć - Statystyki

Ogólne statystyki
  • Ten quiz został rozwiązany 84 razy
  • Średni wynik to 6 z 15
Answers on the Grid
Answers color-coded by a green-red scale on the quiz's grid according to % correct below.
WA
WB
WC
WD
WE
WF
WG
WH
WI
WJ
WK
WL
WM
WN
WO
WP
WR
WS
WT
WU
WV
WW
WX
WY
WZ
 
Statystyki odpowiedzi
Odpowiedź % Poprawnych
WA
87%
WB
75%
WE
58%
WF
46%
WD
38%
WH
38%
WX
37%
WI
35%
WW
35%
WJ
31%
WN
31%
WU
27%
WT
25%
WY
25%
WK
15%
Nie znaleziono quizów pasujących do podanych kryteriów
Rozkład punktacji
Procent ludzi z każdym wynikiem
Percentyl według liczby udzielonych odpowiedzi
Twoja historia wyników
Nie rozwiązałeś tego quizu